000 01137nam a22003497a 4500
001 BR2010000707
003 BR-BrBNA
005 20230928103144.0
007 ta
008 230509b bl.||||| |||| 00| 0 por d
040 _aBR-BrBNA
_bpor
_cBiblioteca Nacional de Agricultura
041 _a(Por)
072 _aL10
_b5100
090 _ 5100 BR2010000707
100 1 _aOliveira, C.H. de
110 1 _aUniversidade Federal de Minas Gerais, Belo Horizonte (Brasil). Escola de Veterinária
_0Tese (Mestre em Medicina Veterinária)
245 1 _aAvaliação das características do espermatozóide eqüino congelado submetido a inclusão e remoção do colesterol das membranas
260 3 _aBelo Horizonte, MG (Brasil):
_c2007.
300 _a84 p.
500 _aSummaries En, Pt); Bibliography p. 67-80; 6 tables
650 _aEQUINO
650 _aREPRODUÇÃO ANIMAL
650 _aESPERMATOZÓIDE
650 _aCONGELAMENTO
650 _aANÁLISE QUÍMICA
650 _aCOLESTEROL
650 _aMEMBRANA
650 _aPLASMA
650 _aMORFOLOGIA ANIMAL
909 _a202309
_bLucia
_c55
_dLucia Elande
942 _cBK
999 _c73946
_d73946